000 01863nam0a2200373 4500
001 RU\NLR\bibl\895953
005 20260408192017.0
010 _a5-8399-0114-8
_bв обл.
_91000
021 _aRU
_b2005-70004
_93446
035 _a(NLR Aleph) 000884416
035 _a(nilc)RSL-KNO-002764639
090 _a1679203
_c1679203
100 _a20051031d2005 |||y0rusy50 ca
101 0 _arus
102 _aRU
105 _aa |||||||||
106 _ar
200 1 _aПравовое регулирование отношений по финансовой аренде (лизингу)
_fЮ. А. Серкова
_gМ-во образования и науки Рос. Федерации, Ин-т экономики, упр. и права (г. Казань)
210 _aКазань
_cТаглимат
_d2005
_gТип. Таглимат ИЭУиП
215 _a207 с.
_d20
320 _aБиблиогр.: с. 186-206
606 _aЛизинг
_xПравовое регулирование
_yРоссийская Федерация
_3RU\NLR\auth\661288643
_92137338
610 0 _aГосударство и право. Юридические науки -- Гражданское право -- Российская Федерация -- Обязательственное право -- Обязательства, направленные на предоставление имущества в пользование -- Договор имущественного найма
610 0 _aфинансовая аренда
_aлизинг
686 _aХ623.211.32,0
_2rubbk
686 _aХ623.211.3
700 1 _aСеркова
_bЮ. А.
_gЮлия Анатольевна
_4070
801 0 _aRU
_bRuMoRKP
_c20051031
_grcr
801 1 _aRU
_bRuMoRGB
_c20051031
801 2 _aRU
_bNLR
_c20060112
_grcr
942 _cBOOK
980 _aNB
980 _aNBR